Un Prénom pour la vie : (Record no. 127928)
[ view plain ]
| 000 -LEADER | |
|---|---|
| fixed length control field | 00789cam a2200253 i 4500 |
| 001 - CONTROL NUMBER | |
| control field | 4181458 |
| 003 - CONTROL NUMBER IDENTIFIER | |
| control field | ARRUPE |
| 005 - DATE AND TIME OF LATEST TRANSACTION | |
| control field | 20180413091037.0 |
| 008 - FIXED-LENGTH DATA ELEMENTS--GENERAL INFORMATION | |
| fixed length control field | 790611s1978 fr a 001 0 fre |
| 010 ## - LIBRARY OF CONGRESS CONTROL NUMBER | |
| LC control number | 79352873 |
| 015 ## - NATIONAL BIBLIOGRAPHY NUMBER | |
| National bibliography number | F78-7802 |
| 020 ## - INTERNATIONAL STANDARD BOOK NUMBER | |
| International Standard Book Number | 2226006338 : |
| Terms of availability | 39.00F |
| 040 ## - CATALOGING SOURCE | |
| Original cataloging agency | DLC |
| Transcribing agency | DLC |
| Modifying agency | DLC |
| 050 00 - LIBRARY OF CONGRESS CALL NUMBER | |
| Classification number | CS2375.F8 |
| Item number | L39 |
| 082 00 - DEWEY DECIMAL CLASSIFICATION NUMBER | |
| Classification number | 133 |
| Edition number | 19 |
| 300 ## - PHYSICAL DESCRIPTION | |
| Other physical details | ill. ; |
| Dimensions | 23 cm. |
| 100 1# - MAIN ENTRY--PERSONAL NAME | |
| Personal name | Le Rouzic, Pierre. |
| 9 (RLIN) | 41506 |
| 245 13 - TITLE STATEMENT | |
| Title | Un Prénom pour la vie : |
| Remainder of title | choix, rôle, influence du prénom / |
| Statement of responsibility, etc | Pierre Le Rouzic. |
| 260 ## - PUBLICATION, DISTRIBUTION, ETC. (IMPRINT) | |
| Place of publication, distribution, etc | Paris : |
| Name of publisher, distributor, etc | A. Michel, |
| Date of publication, distribution, etc | 1978. |
| 300 ## - PHYSICAL DESCRIPTION | |
| Extent | 424 p. : |
| 500 ## - GENERAL NOTE | |
| General note | Includes index. |
| 650 #0 - SUBJECT ADDED ENTRY--TOPICAL TERM | |
| Topical term or geographic name as entry element | Names, Personal |
| General subdivision | French. |
| 9 (RLIN) | 41507 |
| 650 #0 - SUBJECT ADDED ENTRY--TOPICAL TERM | |
| Topical term or geographic name as entry element | Characters and characteristics. |
| 9 (RLIN) | 28009 |
| 906 ## - LOCAL DATA ELEMENT F, LDF (RLIN) | |
| a | 7 |
| b | cbc |
| c | orignew |
| d | 4 |
| e | ncip |
| f | 19 |
| g | y-gencatlg |
| 942 ## - ADDED ENTRY ELEMENTS (KOHA) | |
| Source of classification or shelving scheme | Library of Congress Classification |
| Koha item type | Monograph ( Printed materials) |
| Withdrawn status | Lost status | Source of classification or shelving scheme | Damaged status | Not for loan | Collection code | Home library | Current library | Shelving location | Date acquired | Total Checkouts | Full call number | Barcode | Date last seen | Price effective from | Koha item type |
|---|---|---|---|---|---|---|---|---|---|---|---|---|---|---|---|
| Library of Congress Classification | Main Collection | ARRUPE LIBRARY | ARRUPE LIBRARY | Main Collection | 13/04/2018 | CS2375.F8 L39 | 46600001803 | 13/04/2018 | 13/04/2018 | Monograph ( Printed materials) |